[Event "IECG OP.2006.0.00085"]
[Site "IECG email"]
[Date "2006.07.01"]
[Round "?"]
[White "Franco Cazon, Rodolfo"]
[Black "Houpt, William David"]
[Result "0-1"]
[WhiteElo "2012"]
[BlackElo "2108"]
[PlyCount "76"]
[EventDate "2006.07.01"]
[EventType "tourn (corr)"]
[EventRounds "6"]
[SourceTitle "Corr 2008"]
[Source "ChessBase"]
[SourceDate "2008.06.24"]
[SourceVersion "1"]
[SourceVersionDate "2008.06.24"]
[SourceQuality "1"]

1. e4 e5 2. d4 exd4 3. Qxd4 Nc6 4. Qe3 Nf6 5. Nc3 Bb4 6. Bd2 0-0 7. 0-0-0 Re8 8. Qg3 d6 9. f3 Rb8 10. h4 Kh8 11. h5 h6 12. Qh2 b5 13. g4 Re5 14. Nge2 Bxc3 15. Bxc3 Rc5 16. Nd4 Nh7 17. Qg3 b4 18. Nxc6 Rxc6 19. Bd4 b3 20. axb3 Rxb3 21. Kb1 Rb4 22. f4 f6 23. Bg2 Rcc4 24. Bc3 Rb8 25. Rd3 Be6 26. b3 Qc8 27. Bb2 Rcb4 28. Kc1 a5 29. Bc3 R4b5 30. e5 fxe5 31. fxe5 d5 32. Qf4 Qb7 33. Rhd1 c6 34. Qa4 Ng5 35. Rd4 Rc5 36. Kb2 Qc7 37. Re1 Bg8 38. Qa3 Qb6 0-1

[Event "IECG CP.2001.Q.00011 email"]
[Site "IECG email"]
[Date "2002.10.01"]
[Round "?"]
[White "Houpt, William David"]
[Black "Ibar, Marcelo Rodolfo"]
[Result "1/2-1/2"]
[WhiteElo "2113"]
[BlackElo "2329"]
[PlyCount "50"]
[EventDate "2002.10.01"]
[EventType "tourn (corr)"]
[EventRounds "6"]
[SourceTitle "Corr 2008"]
[Source "ChessBase"]
[SourceDate "2008.06.24"]
[SourceVersion "1"]
[SourceVersionDate "2008.06.24"]
[SourceQuality "1"]

1. e4 e5 2. Nf3 Nc6 3. d4 exd4 4. Bc4 Nf6 5. 0-0 Nxe4 6. Re1 d5 7. Bxd5 Qxd5 8. Nc3 Qa5 9. Nxe4 Be6 10. Bd2 Bb4 11. Nxd4 Nxd4 12. c3 Be7 13. cxd4 Qd5 14. Rc1 c6 15. Bg5 Bxg5 16. Rc5 Qxa2 17. Rxg5 0-0-0 18. Qd2 Qc4 19. Rd1 f5 20. Nc5 g6 21. b3 Qxc5 22. dxc5 Rxd2 23. Rxd2 Bxb3 24. Rg3 Re8 25. f4 Bd5 1/2-1/2

[Event "IECG CP.2001.Q.00011 email"]
[Site "IECG email"]
[Date "2002.10.01"]
[Round "?"]
[White "Mlinaric, Michael"]
[Black "Houpt, William David"]
[Result "1-0"]
[WhiteElo "2024"]
[BlackElo "2113"]
[PlyCount "37"]
[EventDate "2002.10.01"]
[EventType "tourn (corr)"]
[EventRounds "6"]
[SourceTitle "Corr 2008"]
[Source "ChessBase"]
[SourceDate "2008.06.24"]
[SourceVersion "1"]
[SourceVersionDate "2008.06.24"]
[SourceQuality "1"]

1. d4 Nf6 2. c4 c5 3. d5 b5 4. Nf3 Bb7 5. Nbd2 d6 6. e4 b4 7. e5 dxe5 8. Nxe5 e6 9. Ndf3 exd5 10. cxd5 Be7 11. Bb5+ Kf8 12. 0-0 Bxd5 13. Re1 a6 14. Ba4 Ra7 15. Bf4 Rb7 16. Qc2 Qc8 17. Rad1 c4 18. Bb3 Rc7 19. Nxc4 1-0

[Event "IECG CP.2000.Q.00028"]
[Site "IECG email"]
[Date "2001.10.06"]
[Round "?"]
[White "Houpt, William David"]
[Black "Deschamp, Guy"]
[Result "1-0"]
[WhiteElo "2057"]
[BlackElo "2256"]
[PlyCount "95"]
[EventDate "2001.10.01"]
[EventType "tourn (corr)"]
[EventRounds "6"]
[SourceTitle "Corr 2008"]
[Source "ChessBase"]
[SourceDate "2008.06.24"]
[SourceVersion "1"]
[SourceVersionDate "2008.06.24"]
[SourceQuality "1"]

1. e4 c5 2. c3 Nf6 3. e5 Nd5 4. d4 cxd4 5. Bc4 Qc7 6. Qe2 Nb6 7. Bd3 Nc6 8. Nf3 d6 9. Bf4 Nd5 10. exd6 Qb6 11. Bg3 Bg4 12. 0-0 e6 13. Na3 dxc3 14. d7+ Kd8 15. Nc4 Qc5 16. bxc3 Nxc3 17. Qd2 Bxf3 18. Qxc3 Bd5 19. Rac1 f6 20. Rfd1 h5 21. Be2 h4 22. Bf4 Qb4 23. Qc2 g5 24. Bd2 Qc5 25. Qb2 Bg7 26. Qxb7 Nd4 27. Nd6 Nxe2+ 28. Kf1 Bxb7 29. Nxb7+ Kxd7 30. Nxc5+ Ke7 31. Kxe2 Kf7 32. Be3 e5 33. Rd7+ Kg6 34. Ne6 Bh6 35. Bxa7 g4 36. Rc4 Kf5 37. Rc6 Rhe8 38. Ng7+ Bxg7 39. Rxg7 Rac8 40. Rgc7 Rxc7 41. Rxc7 h3 42. gxh3 gxh3 43. a4 Rg8 44. a5 Rg2 45. Rh7 Rg1 46. Rxh3 Ra1 47. Bb6 Kg6 48. Rc3 1-0

[Event "IECG CP.1999.S.00002"]
[Site "IECG email"]
[Date "2001.10.01"]
[Round "?"]
[White "Ellis, Roy Dominic"]
[Black "Houpt, William David"]
[Result "1-0"]
[WhiteElo "2078"]
[BlackElo "2057"]
[PlyCount "107"]
[EventDate "2001.10.01"]
[EventType "tourn (corr)"]
[EventRounds "6"]
[SourceTitle "Corr 2008"]
[Source "ChessBase"]
[SourceDate "2008.06.24"]
[SourceVersion "1"]
[SourceVersionDate "2008.06.24"]
[SourceQuality "1"]

1. d4 Nf6 2. c4 c5 3. d5 b5 4. cxb5 a6 5. bxa6 Bxa6 6. Nc3 d6 7. e4 Bxf1 8. Kxf1 g6 9. g3 Bg7 10. Kg2 0-0 11. Nf3 Nbd7 12. Re1 Qb6 13. h3 Rfb8 14. Re2 Ne8 15. Bf4 Qa6 16. Rc1 Bxc3 17. bxc3 Qc4 18. Rcc2 Ra7 19. Ne1 Rab7 20. Qd3 Qa4 21. c4 Qa6 22. Nf3 f6 23. Rc3 Rb1 24. Ra3 Qb7 25. Bd2 Ne5 26. Nxe5 fxe5 27. f4 exf4 28. Bxf4 Ng7 29. Rf2 Nh5 30. Bd2 Qb2 31. g4 Nf6 32. Qf3 Qd4 33. Bc3 Qxe4 34. Bxf6 Qe1 35. Kg3 exf6 36. Qxf6 Rc1 37. Kh4 Rc2 38. Raf3 Ra8 39. a4 Rxc4 40. Qxd6 Qe8 41. Rf8+ Qxf8 42. Rxf8+ Rxf8 43. a5 Rcf4 44. Qe6+ R4f7 45. d6 Rd8 46. a6 Kg7 47. Qe5+ Kg8 48. Qxc5 h6 49. Qd5 Rdd7 50. Kg3 Kh7 51. h4 Rg7 52. Kf3 Rgf7+ 53. Ke4 Rg7 54. Qe6 1-0

[Event "IECG CP.2000.Q.00028"]
[Site "IECG email"]
[Date "2001.10.01"]
[Round "?"]
[White "Houpt, William David"]
[Black "Meetze, Bill"]
[Result "1/2-1/2"]
[WhiteElo "2057"]
[BlackElo "1642"]
[PlyCount "41"]
[EventDate "2001.10.01"]
[EventType "tourn (corr)"]
[EventRounds "6"]
[SourceTitle "Corr 2008"]
[Source "ChessBase"]
[SourceDate "2008.06.24"]
[SourceVersion "1"]
[SourceVersionDate "2008.06.24"]
[SourceQuality "1"]

1. e4 c6 2. d4 d5 3. exd5 cxd5 4. c4 Nf6 5. c5 e5 6. Nc3 exd4 7. Qxd4 Be7 8. Be3 Nc6 9. Qa4 d4 10. 0-0-0 0-0 11. Nf3 Bxc5 12. Nxd4 Qe7 13. Nc2 Be6 14. Bc4 Bxe3+ 15. Nxe3 Rad8 16. Bxe6 fxe6 17. Qb3 Kh8 18. Rxd8 Rxd8 19. Rd1 Rxd1+ 20. Qxd1 Qb4 21. a3 1/2-1/2

[Event "IECG CP.1999.S.00002"]
[Site "IECG email"]
[Date "2001.10.01"]
[Round "?"]
[White "Houpt, William David"]
[Black "Schmezko, Stefan"]
[Result "0-1"]
[WhiteElo "2057"]
[BlackElo "2138"]
[PlyCount "84"]
[EventDate "2001.10.01"]
[EventType "tourn (corr)"]
[EventRounds "6"]
[SourceTitle "Corr 2008"]
[Source "ChessBase"]
[SourceDate "2008.06.24"]
[SourceVersion "1"]
[SourceVersionDate "2008.06.24"]
[SourceQuality "1"]

1. e4 e5 2. Nf3 Nc6 3. d4 exd4 4. Bc4 Nf6 5. 0-0 Nxe4 6. Re1 d5 7. Bxd5 Qxd5 8. Nc3 Qh5 9. Nxe4 Be6 10. Bg5 Bd6 11. Nxd6+ cxd6 12. Bf4 Qd5 13. c3 Rc8 14. Nxd4 Nxd4 15. Qxd4 Qxd4 16. cxd4 Kd7 17. Re2 Rc4 18. Rd1 Rhc8 19. b3 Rc2 20. Kf1 Bd5 21. f3 a5 22. Rxc2 Rxc2 23. Rd2 Rc3 24. Rb2 a4 25. Bd2 Rd3 26. Ke2 Rxd4 27. g3 axb3 28. axb3 Bc6 29. Ke3 Rd5 30. Bc3 g6 31. f4 Rd1 32. Ke2 Rh1 33. Kd3 h5 34. Kc4 Be4 35. Re2 d5+ 36. Kc5 Rc1 37. Kd4 Ke6 38. Ra2 Kf5 39. Bd2 Rh1 40. Bb4 h4 41. gxh4 Rb1 42. Ra7 Rd1+ 0-1

[Event "IECC CL1-2001.11"]
[Site "IECC email"]
[Date "2001.05.07"]
[Round "?"]
[White "Houpt, William David"]
[Black "Shields, Glen D"]
[Result "0-1"]
[WhiteElo "2115"]
[BlackElo "2207"]
[PlyCount "72"]
[EventDate "2001.??.??"]
[EventType "tourn (corr)"]
[EventRounds "4"]
[SourceTitle "Corr 2008"]
[Source "ChessBase"]
[SourceDate "2008.06.24"]
[SourceVersion "1"]
[SourceVersionDate "2008.06.24"]
[SourceQuality "1"]

1. e4 c6 2. d4 d5 3. exd5 cxd5 4. c4 Nf6 5. c5 Nc6 6. Bb5 e5 7. Nc3 exd4 8. Qxd4 Be7 9. Nf3 0-0 10. Bxc6 bxc6 11. 0-0 Nd7 12. Na4 Bf6 13. Qf4 Re8 14. Bd2 Re4 15. Qd6 Ba6 16. Qxc6 Bxf1 17. Rxf1 Rc8 18. Qa6 Nxc5 19. Nxc5 Rxc5 20. Qxa7 Rc8 21. Ba5 Ra4 22. Bxd8 Rxa7 23. Bxf6 gxf6 24. Ne1 Rxa2 25. Nd3 Rc4 26. Rd1 Kf8 27. g3 Ke7 28. Kg2 Kd6 29. Re1 Rd4 30. Re3 f5 31. Rf3 Ra1 32. Re3 Re4 33. Rf3 Rd1 34. Nf4 Rb4 35. Nh3 d4 36. Rf4 Rxb2 0-1

[Event "IECG CP.2000.P.00069"]
[Site "IECG email"]
[Date "2000.10.01"]
[Round "?"]
[White "Angermann, Immo Frank"]
[Black "Houpt, William David"]
[Result "1/2-1/2"]
[WhiteElo "1448"]
[BlackElo "2031"]
[PlyCount "69"]
[EventDate "2000.10.01"]
[EventType "tourn (corr)"]
[EventRounds "6"]
[EventCountry "ENG"]
[SourceTitle "Corr 2008"]
[Source "ChessBase"]
[SourceDate "2008.06.24"]
[SourceVersion "1"]
[SourceVersionDate "2008.06.24"]
[SourceQuality "1"]

1. e4 d6 2. d4 Nf6 3. Nc3 g6 4. Nf3 Bg7 5. Bd3 0-0 6. 0-0 Bg4 7. h3 Bxf3 8. Qxf3 Nfd7 9. Be3 Nc6 10. Ne2 e5 11. d5 Nb4 12. Ng3 Nc5 13. Bxc5 dxc5 14. a3 Nxd3 15. Qxd3 Qe7 16. b3 a5 17. c4 a4 18. Rfb1 axb3 19. Rxb3 b6 20. a4 Qd7 21. Rb5 Bh6 22. a5 Ra6 23. Qc3 Rfa8 24. Ra3 Qe8 25. Nf1 Bg5 26. Nh2 f6 27. Nf3 Bh6 28. Ne1 Qd8 29. Nd3 Bg7 30. Nc1 f5 31. exf5 gxf5 32. Nb3 Qh4 33. Qc1 Bh6 34. Qf1 Qf6 35. Qa1 1/2-1/2

[Event "IECG CP.1999.Q.00017"]
[Site "IECG email"]
[Date "2000.10.01"]
[Round "?"]
[White "Carter, David"]
[Black "Houpt, William David"]
[Result "0-1"]
[WhiteElo "1607"]
[BlackElo "2032"]
[PlyCount "88"]
[EventDate "2000.10.01"]
[EventType "tourn (corr)"]
[EventRounds "8"]
[EventCountry "BEL"]
[SourceTitle "Corr 2008"]
[Source "ChessBase"]
[SourceDate "2008.06.24"]
[SourceVersion "1"]
[SourceVersionDate "2008.06.24"]
[SourceQuality "1"]

1. e4 d6 2. d4 Nf6 3. Nc3 g6 4. f4 Bg7 5. Nf3 c5 6. Bb5+ Bd7 7. e5 Ng4 8. Bxd7+ Qxd7 9. d5 dxe5 10. h3 e4 11. Nxe4 Nf6 12. Nxf6+ Bxf6 13. 0-0 0-0 14. Be3 Rd8 15. c4 Bxb2 16. Ne5 Qc7 17. Rb1 Bxe5 18. fxe5 Nd7 19. e6 fxe6 20. dxe6 Nb6 21. Qf3 Rf8 22. Bf4 Qc8 23. Qe4 Qc6 24. Qxc6 bxc6 25. Bg5 Rxf1+ 26. Rxf1 Re8 27. Rf7 Nxc4 28. Rxe7 Nd6 29. Rc7 Ne4 30. Bh6 Rxe6 31. Rg7+ Kf8 32. Rxh7+ Ke8 33. Rxa7 g5 34. Bg7 c4 35. Kf1 Nd2+ 36. Kf2 c3 37. Rc7 Ne4+ 38. Ke2 c2 39. Bb2 Rd6 40. Kf3 Nc5 41. Bc1 Ne6 42. Ra7 Rd1 43. Bb2 Rb1 44. Ba3 Nd4+ 0-1

[Event "IECG CP.1999.Q.00017"]
[Site "IECG email"]
[Date "2000.10.01"]
[Round "?"]
[White "Houpt, William David"]
[Black "Pinasco, Damian"]
[Result "1/2-1/2"]
[WhiteElo "2032"]
[BlackElo "1981"]
[PlyCount "78"]
[EventDate "2000.10.01"]
[EventType "tourn (corr)"]
[EventRounds "8"]
[EventCountry "BEL"]
[SourceTitle "Corr 2008"]
[Source "ChessBase"]
[SourceDate "2008.06.24"]
[SourceVersion "1"]
[SourceVersionDate "2008.06.24"]
[SourceQuality "1"]

1. e4 e5 2. Nf3 Nf6 3. d4 Nxe4 4. Bd3 d5 5. Nxe5 Nd7 6. Qe2 Nxe5 7. Bxe4 dxe4 8. Qxe4 Be6 9. dxe5 Bd5 10. Qg4 h5 11. Qh3 Qe7 12. f4 Qe6 13. Qxe6+ fxe6 14. Kf2 g5 15. fxg5 Bg7 16. Rd1 0-0+ 17. Kg1 Bxe5 18. Nc3 Bxc3 19. bxc3 Rf5 20. h4 Raf8 21. Be3 a5 22. Bd4 Rf4 23. g3 Rf3 24. Rd3 Rxd3 25. cxd3 Rf3 26. c4 Rxg3+ 27. Kf2 Rxd3 28. cxd5 Rxd4 29. dxe6 Rxh4 30. Kf3 Rg4 31. Rd1 Kf8 32. Rd7 Rxg5 33. Rxc7 b5 34. Kf4 Rg2 35. Rc5 Rxa2 36. Rxb5 Ke7 37. Ke5 Re2+ 38. Kf5 Rf2+ 39. Ke5 Re2+ 1/2-1/2

[Event "IECC CL2-2000.21"]
[Site "IECC email"]
[Date "2000.05.22"]
[Round "?"]
[White "Buese, Ralf"]
[Black "Houpt, William David"]
[Result "1-0"]
[WhiteElo "2116"]
[BlackElo "2119"]
[PlyCount "93"]
[EventDate "2000.??.??"]
[EventType "tourn (corr)"]
[EventRounds "4"]
[SourceTitle "Corr 2008"]
[Source "ChessBase"]
[SourceDate "2008.06.24"]
[SourceVersion "1"]
[SourceVersionDate "2008.06.24"]
[SourceQuality "1"]

1. Nf3 d6 2. g3 e5 3. Bg2 f5 4. d3 Nf6 5. 0-0 Be7 6. c4 0-0 7. Nc3 Kh8 8. Rb1 Qe8 9. b4 Qh5 10. e3 Nc6 11. Nd2 Qxd1 12. Rxd1 a5 13. b5 Nb4 14. Nb3 e4 15. dxe4 fxe4 16. Rd2 Be6 17. a3 Nd3 18. Nxe4 Bxc4 19. Nxf6 Bxf6 20. Bxb7 Rab8 21. Bc6 Nxc1 22. Nxc1 Rb6 23. a4 Rfb8 24. Bd5 Bxd5 25. Rxd5 Rc6 26. Nb3 Rc4 27. Rc1 Rxc1+ 28. Nxc1 Re8 29. Nb3 Re4 30. Nd4 Kg8 31. Kg2 Kf7 32. Kf3 Re8 33. Nc6 Ke6 34. e4 Ra8 35. Ke3 Bb2 36. f4 g6 37. g4 Bc1+ 38. Kf3 Ba3 39. h4 Kf6 40. g5+ Ke6 41. f5+ gxf5 42. Nd4+ Kf7 43. Rxf5+ Kg8 44. Ne6 Rc8 45. h5 Bc1 46. g6 hxg6 47. hxg6 1-0

[Event "IECC Y2KO email"]
[Site "IECC email"]
[Date "1999.10.14"]
[Round "?"]
[White "Houpt, William David"]
[Black "Monasterio, Manuel Gerardo"]
[Result "1/2-1/2"]
[WhiteElo "2064"]
[BlackElo "1541"]
[PlyCount "68"]
[EventDate "1999.??.??"]
[EventType "tourn (corr)"]
[EventRounds "2"]
[SourceTitle "Corr 2008"]
[Source "ChessBase"]
[SourceDate "2008.06.24"]
[SourceVersion "1"]
[SourceVersionDate "2008.06.24"]
[SourceQuality "1"]

1. e4 c5 2. c3 Nf6 3. e5 Nd5 4. Bc4 Nb6 5. Be2 Nc6 6. Nf3 d5 7. exd6 e5 8. d4 cxd4 9. cxd4 e4 10. Ng5 Bxd6 11. Nxe4 Bb4+ 12. Nbc3 Qxd4 13. 0-0 Bf5 14. a3 Be7 15. Be3 Qe5 16. Bxb6 axb6 17. Ng3 Be6 18. Re1 Rd8 19. Qc2 Qg5 20. Bd3 g6 21. Nce4 Qd5 22. Rad1 0-0 23. Qc1 Rfe8 24. Ne2 Ne5 25. Bb1 Qc6 26. N4c3 Rxd1 27. Rxd1 Qc8 28. Nd4 Bg4 29. f3 Bc5 30. fxg4 Nc6 31. Ne4 Bxd4+ 32. Rxd4 Nxd4 33. Nf6+ Kg7 34. Nxe8+ Qxe8 1/2-1/2

[Event "IECG CP.1999.P.00035"]
[Site "IECG email"]
[Date "1999.10.01"]
[Round "?"]
[White "De Oliveira, Marcio Barbosa"]
[Black "Houpt, William David"]
[Result "1/2-1/2"]
[WhiteElo "2263"]
[BlackElo "2011"]
[PlyCount "90"]
[EventDate "1999.10.01"]
[EventType "tourn (corr)"]
[EventRounds "6"]
[EventCountry "RUS"]
[SourceTitle "Corr 2008"]
[Source "ChessBase"]
[SourceDate "2008.06.24"]
[SourceVersion "1"]
[SourceVersionDate "2008.06.24"]
[SourceQuality "1"]

1. e4 d6 2. d4 Nf6 3. Nc3 g6 4. f4 Bg7 5. Nf3 c5 6. dxc5 Qa5 7. Qd3 Qxc5 8. Be3 Qa5 9. Qb5+ Qxb5 10. Nxb5 Na6 11. Bd3 0-0 12. 0-0 Bd7 13. a4 Bc6 14. Bd4 Nc5 15. e5 Nd5 16. Bc4 Nb6 17. Bb3 Rfd8 18. e6 Nxb3 19. cxb3 Bxb5 20. axb5 fxe6 21. Bxg7 Kxg7 22. Nd4 Rdc8 23. Nxe6+ Kf6 24. Rae1 a6 25. f5 g5 26. bxa6 Rxa6 27. Re4 Nd7 28. h4 h6 29. Rg4 Rg8 30. hxg5+ hxg5 31. Rc4 Ne5 32. Rc7 Rb6 33. Rc3 Rb4 34. Nc7 Rd4 35. Rh3 Rh4 36. Rc3 Rgh8 37. Nd5+ Kf7 38. Ne3 Nc6 39. Rd1 Nd4 40. Rcd3 Rh1+ 41. Kf2 Rxd1 42. Rxd1 Nxb3 43. Kf3 Rh4 44. Ng4 Nc5 45. g3 Rh7 1/2-1/2

[Event "IECG CP.1999.P.00035"]
[Site "IECG email"]
[Date "1999.10.01"]
[Round "?"]
[White "Houpt, William David"]
[Black "Istomin, Sergei"]
[Result "1/2-1/2"]
[WhiteElo "2011"]
[BlackElo "985"]
[PlyCount "113"]
[EventDate "1999.10.01"]
[EventType "tourn (corr)"]
[EventRounds "6"]
[EventCountry "RUS"]
[SourceTitle "Corr 2008"]
[Source "ChessBase"]
[SourceDate "2008.06.24"]
[SourceVersion "1"]
[SourceVersionDate "2008.06.24"]
[SourceQuality "1"]

1. e4 e6 2. d4 d5 3. Nc3 Nf6 4. e5 Nfd7 5. Nce2 c5 6. c3 Nc6 7. f4 f6 8. Nf3 Qb6 9. a3 Be7 10. b4 cxd4 11. cxd4 0-0 12. Qd3 a6 13. Be3 Qd8 14. g3 Nb6 15. Bg2 fxe5 16. fxe5 Nc4 17. 0-0 b5 18. Nf4 Bd7 19. Bd2 Qb6 20. Kh1 Rac8 21. Bh3 Nb8 22. Bg4 Nb2 23. Qe2 Nc4 24. Nd3 Qd8 25. Nc5 Rc6 26. Qd3 Nb2 27. Qb1 Na4 28. Qb3 Qe8 29. Ng5 Nxc5 30. bxc5 Kh8 31. Rxf8+ Qxf8 32. Kg2 Bxg5 33. Bxg5 Rc8 34. Rf1 Qg8 35. Qf3 h6 36. Bd2 Qh7 37. Bh5 Qe4 38. Qxe4 dxe4 39. Bg6 Bc6 40. Kh3 Bd5 41. Rf4 Nc6 42. Bxe4 Bxe4 43. Rxe4 a5 44. Bc3 b4 45. axb4 axb4 46. Bb2 Rf8 47. Kg2 Kg8 48. h4 h5 49. Rf4 Rxf4 50. gxf4 g6 51. Kf3 Ne7 52. Ke4 Kf7 53. Kd3 Ke8 54. Kc4 Nd5 55. Bc1 Kd7 56. Bd2 Kc6 57. Bxb4 1/2-1/2

[Event "IECG CP.1999.P.00035"]
[Site "IECG email"]
[Date "1999.10.01"]
[Round "?"]
[White "Romanski, Jan"]
[Black "Houpt, William David"]
[Result "0-1"]
[WhiteElo "1893"]
[BlackElo "2011"]
[PlyCount "74"]
[EventDate "1999.10.01"]
[EventType "tourn (corr)"]
[EventRounds "6"]
[EventCountry "RUS"]
[SourceTitle "Corr 2008"]
[Source "ChessBase"]
[SourceDate "2008.06.24"]
[SourceVersion "1"]
[SourceVersionDate "2008.06.24"]
[SourceQuality "1"]

1. e4 d6 2. d4 Nf6 3. Nc3 g6 4. f4 Bg7 5. Nf3 c5 6. Bb5+ Bd7 7. e5 Ng4 8. e6 Bxb5 9. exf7+ Kd7 10. Nxb5 Qa5+ 11. Nc3 cxd4 12. Nxd4 Bxd4 13. Qxd4 Nc6 14. Qd1 Qh5 15. Ne4 Qf5 16. 0-0 Qxe4 17. Qxg4+ e6 18. c3 Rhf8 19. Bd2 h5 20. Qd1 Rxf7 21. Qb3 b6 22. Rfe1 Qf5 23. Rad1 h4 24. Be3 Raf8 25. Qa3 d5 26. c4 Kc7 27. cxd5 exd5 28. Rc1 Kb7 29. Qa4 Rc8 30. b4 Qe4 31. a3 Nd4 32. Rxc8 h3 33. gxh3 Kxc8 34. Rc1+ Kb8 35. Bxd4 Qxd4+ 36. Kh1 Qe4+ 37. Kg1 Qe3+ 0-1

[Event "IECC CL2-1999.27"]
[Site "IECC email"]
[Date "1999.??.??"]
[Round "?"]
[White "Houpt, William David"]
[Black "Brierley, Matthew"]
[Result "1-0"]
[WhiteElo "2104"]
[BlackElo "2000"]
[PlyCount "43"]
[EventDate "1999.??.??"]
[EventType "tourn (corr)"]
[EventRounds "4"]
[SourceTitle "Corr 2008"]
[Source "ChessBase"]
[SourceDate "2008.06.24"]
[SourceVersion "1"]
[SourceVersionDate "2008.06.24"]
[SourceQuality "1"]

1. e4 e5 2. Nf3 f5 3. Bc4 fxe4 4. Nxe5 Qg5 5. d4 Qxg2 6. Qh5+ g6 7. Bf7+ Kd8 8. Bxg6 Qxh1+ 9. Ke2 c6 10. Nc3 e3 11. Nf7+ Kc7 12. Qg5 Be7 13. Qg3+ d6 14. Be4 Bg4+ 15. Qxg4 Qxh2 16. Bxe3 Nf6 17. Qe6 Nxe4 18. Qxe7+ Nd7 19. Nxe4 Rhe8 20. Qxd6+ Qxd6 21. Nfxd6 Re6 22. Rh1 1-0

[Event "SEMI ECT 3-A corr"]
[Site "SEMI email"]
[Date "1999.??.??"]
[Round "?"]
[White "Houpt, William David"]
[Black "Peto, Peter"]
[Result "0-1"]
[WhiteElo "2050"]
[BlackElo "2041"]
[PlyCount "92"]
[EventDate "1999.??.??"]
[EventType "tourn (corr)"]
[EventRounds "8"]
[EventCountry "ITA"]
[SourceTitle "Corr 2008"]
[Source "ChessBase"]
[SourceDate "2008.06.24"]
[SourceVersion "1"]
[SourceVersionDate "2008.06.24"]
[SourceQuality "1"]

1. e4 e5 2. Nf3 Nc6 3. d4 exd4 4. Bc4 Nf6 5. 0-0 Nxe4 6. Re1 d5 7. Bxd5 Qxd5 8. Nc3 Qa5 9. Nxe4 Be6 10. Bd2 Qf5 11. Bg5 h6 12. Qd3 Qa5 13. Bh4 Bb4 14. Red1 g5 15. a3 Be7 16. b4 Qb6 17. Bg3 0-0-0 18. b5 Na5 19. Be5 Bc4 20. Qd2 Rhe8 21. a4 g4 22. Bxd4 Qg6 23. Ng3 gxf3 24. Qxa5 Be2 25. Be5 Rxd1+ 26. Rxd1 Qxc2 27. Ra1 Bg5 28. Qc3 Qxc3 29. Bxc3 a6 30. bxa6 Bxa6 31. gxf3 Bd3 32. Kg2 Re6 33. a5 c5 34. Re1 Rxe1 35. Bxe1 c4 36. Bc3 f5 37. Nh5 Kd7 38. Ng7 Kc6 39. Ne6 Be7 40. Nd4+ Kd5 41. Nb5 Bd8 42. Kg3 Kc5 43. Na7 Bc7+ 44. Kg2 h5 45. Kh3 f4 46. Kh4 Bf5 0-1

[Event "SEMI ECT 3-A corr"]
[Site "SEMI email"]
[Date "1999.??.??"]
[Round "?"]
[White "Houpt, William David"]
[Black "Valverde Toresano, Andres"]
[Result "1-0"]
[WhiteElo "2050"]
[BlackElo "2200"]
[PlyCount "39"]
[EventDate "1999.??.??"]
[EventType "tourn (corr)"]
[EventRounds "8"]
[EventCountry "ITA"]
[SourceTitle "Corr 2008"]
[Source "ChessBase"]
[SourceDate "2008.06.24"]
[SourceVersion "1"]
[SourceVersionDate "2008.06.24"]
[SourceQuality "1"]

1. e4 e5 2. Nf3 Nc6 3. d4 exd4 4. Bc4 Bc5 5. c3 d3 6. 0-0 d6 7. b4 Bb6 8. a4 a6 9. a5 Ba7 10. Qb3 Qe7 11. b5 axb5 12. Qxb5 Nf6 13. a6 Bb6 14. e5 Nd7 15. exd6 cxd6 16. Bd5 0-0 17. Bg5 Qe8 18. Nbd2 h6 19. Bh4 g5 20. Bxg5 1-0

[Event "IECC CL2-1999.27"]
[Site "IECC email"]
[Date "1999.??.??"]
[Round "?"]
[White "Rasalingam, Haran Tobias"]
[Black "Houpt, William David"]
[Result "0-1"]
[WhiteElo "1944"]
[BlackElo "2049"]
[PlyCount "72"]
[EventDate "1999.??.??"]
[EventType "tourn (corr)"]
[EventRounds "4"]
[SourceTitle "Corr 2008"]
[Source "ChessBase"]
[SourceDate "2008.06.24"]
[SourceVersion "1"]
[SourceVersionDate "2008.06.24"]
[SourceQuality "1"]

1. e4 d6 2. d4 Nf6 3. Nc3 g6 4. f4 Bg7 5. Nf3 c5 6. dxc5 Qa5 7. Qd3 Qxc5 8. Be3 Qa5 9. 0-0-0 0-0 10. h3 Nh5 11. Bd4 Nxf4 12. Qd2 Ne6 13. Bxg7 Kxg7 14. h4 h5 15. Bc4 Nc6 16. Rhf1 Bd7 17. Kb1 Rac8 18. Bd5 b5 19. g3 a6 20. Bxc6 Bxc6 21. Rg1 Bb7 22. g4 hxg4 23. Rxg4 b4 24. Ne2 Rh8 25. Ned4 Nxd4 26. Nxd4 Kf8 27. Rf1 Ke8 28. Qf2 Rh7 29. Nf3 Rg7 30. Ng5 f6 31. Ne6 Rg8 32. Qa7 Qb5 33. Qg1 Qe5 34. Nd4 Bxe4 35. h5 g5 36. Re1 d5 0-1

[Event "IECC Quad-559 email"]
[Site "IECC email"]
[Date "1998.06.09"]
[Round "?"]
[White "Noden, David K"]
[Black "Houpt, William David"]
[Result "0-1"]
[WhiteElo "1967"]
[BlackElo "2054"]
[PlyCount "48"]
[EventDate "1998.??.??"]
[EventType "tourn (corr)"]
[EventRounds "6"]
[SourceTitle "Corr 2008"]
[Source "ChessBase"]
[SourceDate "2008.06.24"]
[SourceVersion "1"]
[SourceVersionDate "2008.06.24"]
[SourceQuality "1"]

1. Nf3 d5 2. d4 Nf6 3. e3 g6 4. Bd3 Bg7 5. Nbd2 Nbd7 6. 0-0 c5 7. c3 0-0 8. b4 b6 9. bxc5 bxc5 10. Qa4 Qc7 11. Ba3 Bb7 12. Bb5 Rfc8 13. Nb3 c4 14. Bxd7 Nxd7 15. Na5 Nb6 16. Qb4 e6 17. Nxb7 Qxb7 18. Qa5 Qc6 19. Rfb1 Qa4 20. Bb4 Rcb8 21. Ne1 Bf8 22. a3 Qxa5 23. Bxa5 Na4 24. Nc2 Rb3 0-1

[Event "IECC Quad-559 email"]
[Site "IECC email"]
[Date "1998.06.09"]
[Round "?"]
[White "Woldseth, Ole"]
[Black "Houpt, William David"]
[Result "1-0"]
[WhiteElo "1962"]
[BlackElo "2072"]
[PlyCount "109"]
[EventDate "1998.??.??"]
[EventType "tourn (corr)"]
[EventRounds "6"]
[SourceTitle "Corr 2008"]
[Source "ChessBase"]
[SourceDate "2008.06.24"]
[SourceVersion "1"]
[SourceVersionDate "2008.06.24"]
[SourceQuality "1"]

1. d4 Nf6 2. c4 c5 3. d5 b5 4. cxb5 a6 5. bxa6 Bxa6 6. Nc3 d6 7. e4 Bxf1 8. Kxf1 g6 9. g4 Bg7 10. Kg2 0-0 11. g5 Nh5 12. Nge2 e5 13. h4 Na6 14. Be3 f5 15. f3 Qd7 16. Rh3 fxe4 17. Nxe4 Nc7 18. N2c3 Rab8 19. Qe2 Rb4 20. Rd1 Rfb8 21. b3 Re8 22. Rhh1 Nf4+ 23. Bxf4 exf4 24. Qc2 Rd4 25. Rd2 Re5 26. Rhd1 Rexe4 27. Nxe4 Nxd5 28. Re1 Ne3+ 29. Rxe3 fxe3 30. Rxd4 cxd4 31. b4 d5 32. Nc5 Qb5 33. Nd3 Qc4 34. Qb3 Bf8 35. b5 Bd6 36. b6 Kf8 37. b7 Qxb3 38. axb3 Ke7 39. Nc5 Bc7 40. Na6 Kd6 41. Kf1 d3 42. f4 d2 43. Ke2 Kd7 44. b8Q Bxb8 45. Nxb8+ Kd6 46. Na6 d4 47. Nb4 Ke6 48. Nd3 Kf5 49. b4 Ke4 50. Nc5+ Kxf4 51. b5 Ke5 52. b6 Kd6 53. b7 Kc7 54. Ne6+ Kxb7 55. Nxd4 1-0